| 000 | 00466nam a2200193Ia 4500 | ||
|---|---|---|---|
| 008 | 170918s9999 xx 000 0 und d | ||
| 020 | _a9780590444552 | ||
| 050 | _bC626 1988 | ||
| 100 | _aClements, Andrew | ||
| 245 | _aBig Al / | ||
| 245 | _cby Andrew Clements ; illustrated by Yoshi. | ||
| 260 | _aNew York : | ||
| 260 | _bScholastic, | ||
| 260 | _c1988 | ||
| 300 | _aunpaged : | ||
| 300 | _bcolored illustration ; | ||
| 300 | _c21cm. | ||
| 500 | _a880 | ||
| 999 |
_c342691 _d342691 |
||